00291nam a2200097Ia 4500008004000000082001500040100002300055245006400078260004100142300001000183210210b1967 xxu||||| |||| 00| 0 eng d a158.1 LECH aLECRON (Leslie M). aHow to make the next ten years the best years of your life. aBombaybJaico Publishing Housec1967 aj-146